00233 a2200109 4500001000700000020000600007040001100013100001700024240003900041245003400080362000900114165862 a  cMagnum aViney, Peter10aStrawberry and the sensationslING10aStrawberry and the sensations0 a1899